<?xml version="1.0" encoding="UTF-8"?>
<record
    xmlns:xsi="http://www.w3.org/2001/XMLSchema-instance"
    xsi:schemaLocation="http://www.loc.gov/MARC21/slim http://www.loc.gov/standards/marcxml/schema/MARC21slim.xsd"
    xmlns="http://www.loc.gov/MARC21/slim">

  <leader>00715nam a2200229 a 4500</leader>
  <controlfield tag="001">5245</controlfield>
  <controlfield tag="003">CDMR</controlfield>
  <controlfield tag="005">20131203162608.0</controlfield>
  <controlfield tag="008">130130s2009||||sp |||||||||||||||||spa|d</controlfield>
  <datafield tag="020" ind1=" " ind2=" ">
    <subfield code="a">9788497843034</subfield>
  </datafield>
  <datafield tag="040" ind1=" " ind2=" ">
    <subfield code="a">CDMR</subfield>
    <subfield code="b">cat</subfield>
    <subfield code="c">CDMR</subfield>
  </datafield>
  <datafield tag="100" ind1="1" ind2=" ">
    <subfield code="9">3229</subfield>
    <subfield code="a">Dijk, Teun Adrianus van</subfield>
  </datafield>
  <datafield tag="245" ind1="1" ind2="0">
    <subfield code="a">Discurso y poder</subfield>
    <subfield code="b">: contribuciones a los estudios cr&#xED;ticos del discurso</subfield>
    <subfield code="c">Teun A. van Dijk ;  traducci&#xF3;n Alcira Bixio</subfield>
  </datafield>
  <datafield tag="260" ind1=" " ind2=" ">
    <subfield code="c">Barcelona</subfield>
    <subfield code="b">Gedisa</subfield>
    <subfield code="a">2009</subfield>
  </datafield>
  <datafield tag="300" ind1=" " ind2=" ">
    <subfield code="a">413 p.</subfield>
  </datafield>
  <datafield tag="490" ind1="0" ind2=" ">
    <subfield code="a">Ling&#xFC;&#xED;stica/An&#xE1;lisis del discurso</subfield>
  </datafield>
  <datafield tag="490" ind1="0" ind2=" ">
    <subfield code="a">CLA&#xB7;DE&#xB7;MA</subfield>
  </datafield>
  <datafield tag="650" ind1="0" ind2="4">
    <subfield code="9">2085</subfield>
    <subfield code="a">Comunicaci&#xF3;</subfield>
    <subfield code="x">Teoria</subfield>
  </datafield>
  <datafield tag="650" ind1="0" ind2="4">
    <subfield code="9">3349</subfield>
    <subfield code="a">An&#xE0;lisi del discurs</subfield>
  </datafield>
  <datafield tag="650" ind1="0" ind2="4">
    <subfield code="9">4434</subfield>
    <subfield code="a">Poder (Ci&#xE8;ncies socials)</subfield>
  </datafield>
  <datafield tag="942" ind1=" " ind2=" ">
    <subfield code="c">MON</subfield>
    <subfield code="2">udc</subfield>
  </datafield>
  <datafield tag="999" ind1=" " ind2=" ">
    <subfield code="c">5245</subfield>
    <subfield code="d">5245</subfield>
  </datafield>
  <datafield tag="952" ind1=" " ind2=" ">
    <subfield code="0">0</subfield>
    <subfield code="1">0</subfield>
    <subfield code="4">0</subfield>
    <subfield code="7">0</subfield>
    <subfield code="a">CDMR</subfield>
    <subfield code="b">CDMR</subfield>
    <subfield code="d">2013-01-16</subfield>
    <subfield code="l">0</subfield>
    <subfield code="o">Cc 7/50</subfield>
    <subfield code="p">CDMR13046232</subfield>
    <subfield code="r">2013-04-19</subfield>
    <subfield code="w">2013-04-19</subfield>
    <subfield code="y">MON</subfield>
  </datafield>
</record>
